000 00297nam a22001337a 4500
008 230907b ||||| |||| 00| 0 eng d
041 _aeng
080 _a521
082 _a521KVA
100 _a19
101 _aASTRO
245 _aSTRUCTURE OF THE ATOMIC NUCLEUS
_cKVASNICA.J
942 _2udc
_cBK
999 _c60289
_d60289